Jamaica : EIU Country profile 2005.

Bibliographic Details
Format: Book
Published: London: The Economist Intelligence Unit, 2005.
Subjects:
LEADER 00502cam a2200157 7i4500
001 0000016821
005 20060118090000.0
022 0 0 |a 1462-6888 
090 0 0 |a JAMC 330.9   |b JAM 
245 0 0 |a Jamaica :   |b EIU Country profile 2005. 
260 0 0 |a London:   |b The Economist Intelligence Unit,   |c 2005. 
300 # # |a 49 p. 
650 0 0 |a Jamaica --   |x Country profile  
651 0 0 |a Jamaica  
999 |a PNG000395B  |b Book  |c Countries  |e MATRADE Northern Regional Office 
999 |a B000018244  |b Book  |c Countries  |e Business Information Centre